000 00526nam a22001697a 4500
008 211020b |||||||| |||| 00| 0 eng d
020 _a9780669384055
082 _a613 GET
100 _aGetchell, Leroy H
245 _aPerspectives on Health
260 _aEvanston :
_bMcDougal Littell,
_c1996
300 _axix, 748 p. :
_bcol. ill. ;
_c29 cm
650 _aSocial medicine Medicine and psychology Health | Nursing -- Social aspects Wellness
700 _aPippin, Grover D
700 _aVarnes, Jill W
942 _2ddc
999 _c8902
_d8903